| 000 | 01158nam a2200241Ia 4500 | ||
|---|---|---|---|
| 001 | 18059 | ||
| 003 | GE_BSU | ||
| 008 | 181216s||||||||xx |||||||||||||| ||und|| | ||
| 040 | _cGE_BSU | ||
| 080 | _a811.353(058) | ||
| 245 | _aქართველურ ენათა სტრუქტურის საკითხები. ტ. 2 | ||
| 245 | _bკრებული | ||
| 245 | _cრედ. ვ. თოფურია. ა. მარტიროსოვი | ||
| 250 | _aსაქ. სსრ მეცნ. აკად., ენათმეცნიერების ინ-ტი | ||
| 260 | _aთბილისი | ||
| 260 | _bსაქ. სსრ მეცნ. აკად. გამ-ბა | ||
| 260 | _c1961 | ||
| 300 | _a286 გვ. 26სმ. | ||
| 520 | _aეძღვნება საქართველოში საბჭოთა ხელისუფლების დამყარების 40 წლისთავს | ||
| 653 | _aქართველურ ენათა სტრუქტურის საკითხები | ||
| 653 | _aქართველური ენები | ||
| 942 | _cBK | ||
| 999 |
_c51102 _d51102 |
||